Responses for Show #515 - Friday, November 28, 1986

Contestants

[<< previous game]

Kerry Ogata, a computer coordinator from San Diego, California

Hank Jones, a genealogist from Toluca Lake, California

Sally Mason, a writer from Santa Monica, California (whose 3-day cash winnings total $19,298)

[next game >>]

Jeopardy! Round responses

COLORS
JR. & SR.
"BABY" TALK
WORLD HISTORY
AUTO RACING
FAST FOOD
    $100 1
(Sally: What's in the black?)

in the red

SallyHank
    $100 10
(Hank: Who is Douglas Fairbanks?)
(Alex: Douglas...)
(Hank: [*].)
(Alex: Yes, remember the category.)

Douglas Fairbanks, Jr.

Hank
    $100 16
baby oil

Sally
    $100 2
a continent

Hank
    $100 5
(Kerry: What is What is the Monaco Grand Prix?)
(Sally: What is Le Mans?)

France

SallyKerry
Triple Stumper
    $100 21
(Alex: And we've got about a minute to go in the round.)

McDonald's

Kerry
    $200 13
(Hank: What is "Devil With A Blue"... "Devil With [*] On"?)

a blue dress

Hank
    $200 11
Lon Chaney, Jr.

Hank
    $200 17
baby's breath

Sally
    $200 3
the Nazis (National Socialists)

Hank
    $200 6
Henry Ford

Triple Stumper
    $200 22
a pizza

Hank
    $300 23
blackmail

Kerry
    $300 12
(Alexandre) Dumas

Sally
    $300 18
[The song was reprised going into the break.]

"Baby Elephant Walk"

Sally
    $300 4
none

Kerry
    $300 7
Shirley Muldowney

Hank
    $400 24
white

Kerry
    $400 14
Christina Crawford

Sally
    $400 19
Baby Face Nelson

Sally
    $400 8
Peter the Great

Hank
    $500 25
[The end-of-round signal sounds.]

white, gray, and black

Triple Stumper
    $500 15
the Hales (Alan Hale Sr. & Jr.)

Triple Stumper
    $500 20
a bush baby

Triple Stumper
    $500 9
slavery

Triple Stumper

Scores at the first commercial break (after clue 10):

Sally Hank Kerry
-$200 $1,200 $200

Scores at the end of the Jeopardy! Round:

Sally Hank Kerry
$1,500 $1,800 $1,000

Double Jeopardy! Round responses

ENGLAND
ACTORS & ROLES
THE CIVIL WAR
POP MUSIC TRIVIA
AUTHORS
LEFTOVERS
    $200 7
the University of London

Kerry
    $200 15
the horror film

Hank
    $200 12
[NOTE: This was the 500,000th clue entered into the J! Archive, on 2023-08-08.]

Robert E. Lee

Sally
    $200 6
Tony Orlando

Sally
    $200 1
Dr. Benjamin Spock

Hank
    $200 22
the Red Cross

Hank
    $400 13
cricket

Sally
    $400 16
(Kerry: Who is Clark Gable?)

Leslie Howard

HankKerry
    $400 23
the nearest town

Triple Stumper
    $400 8
Paul McCartney

Hank
    $400 2
Orwell

Kerry
    $400 27
topiary

Triple Stumper
    $600 14
the Gulf Stream

Kerry
    $600 17
(Alex: Yes, he was upset with the way the director had edited the work.)

Alec Guinness

Sally
    $600 24
(Sally: Who is Jesus?)

John Brown

SallyHank
    $1,200 9
"Who'll Stop The Rain" (or "Have You Ever Seen The Rain")

Hank
    $600 3
Salvador Dali

Hank
    $600 28
a sulky

Kerry
    $800 18
Runnymede

Sally
    $800 20
Olivia de Havilland

Sally
    $400 25
(Hank: What was Mississippi?)
(Alex: No, sorry. The capital was in Montgomery, [*]. Then it moved to Richmond, Virginia. We've got less than a minute to go.)

Alabama

Hank
    $800 10
(Alex: She is no longer a secretary, by the way. She's back on Broadway and doing very well. [*].)

Maureen McGovern

Triple Stumper
    $800 4
(Upton) Sinclair

Hank
    $800 29
[The end-of-round signal sounds.]

The Wizard of Oz

Sally
    $1000 19
Coventry

Hank
    $1000 21
Maria Montez

Triple Stumper
    $1000 26
Antietam

Hank
    $1000 11
"Get A Job"

Hank
    $1000 5
Faust

Kerry

Scores at the end of the Double Jeopardy! Round:

Sally Hank Kerry
$4,700 $9,000 $3,400

[wagering suggestions for these scores]

Final Jeopardy! Round responses

TOYS & GAMES
KerryWhat are 7 + 9?
$3,400
SallyWhat are 9 and 7?
$4,700
HankWhat are 6 + 7?
$401
(2 of) 6, 7 & 9

Final scores:

Sally Hank Kerry
$9,400 $9,401 $6,800
2nd place: Berkline sofa + Alsy table lamp quartet New champion: $9,401 3rd place: Bernardaud Limoges four-place china set

Game dynamics:

Coryat scores:

Sally Hank Kerry
$4,700 $8,800 $3,400
13 R
(including 1 DD),
3 W
21 R
(including 1 DD),
1 W
(including 1 DD)
9 R,
2 W

Combined Coryat: $16,900

[game clues] [game scores] [suggest correction]

Game tape date: 1986-09-10
The J! Archive is created by fans, for fans. Scraping, republication, monetization, and malicious use prohibited; this site may use cookies and collect identifying information. See terms. The Jeopardy! game show and all elements thereof, including but not limited to copyright and trademark thereto, are the property of Jeopardy Productions, Inc. and are protected under law. This website is not affiliated with, sponsored by, or operated by Jeopardy Productions, Inc. Join the discussion at JBoard.tv.